000 00340nam a2200145Ia 4500
008 240624s9999 xx 000 0 und d
041 _aeng
082 _a658.4092 DUM
100 _aDUMAS COLETTE
245 _aCHANGE LEADERSHIP
260 _c2015
_aNew Delhi
_bSage
300 _axxxii, 311 p.; 23 cm.
365 _cBPS
_b38
440 _v3
999 _c30974
_d30974